书目信息 |
| 题名: |
设施规划
|
|
| 作者: | 汤普金斯 , 怀特 , 布泽 著 ;伊俊敏 , 袁海波 , 甘卫华 译 | |
| 分册: | ||
| 出版信息: | 北京 机械工业出版社 2008.01 |
|
| 页数: | 491页 | |
| 开本: | 26cm | |
| 丛书名: | ||
| 单 册: | ||
| 中图分类: | TB492 | |
| 科图分类: | ||
| 主题词: | 工业生产设备--gong ye sheng chan she bei--规划 | |
| 电子资源: | ||
| ISBN: | 978-7-111-22259-0 | |
| 000 | 01402nam0 2200337 450 | |
| 001 | 012008901719 | |
| 005 | 20080115090424.46 | |
| 010 | @a978-7-111-22259-0@dCNY59.80 | |
| 100 | @a20080114d2008 em y0chi0120 ea | |
| 101 | 1 | @achi@ceng |
| 102 | @aCN@b110000 | |
| 105 | @aa a 000yy | |
| 106 | @ar | |
| 200 | 1 | @a设施规划@Ashe shi gui hua@d= Facilites planning@f(美) 詹姆斯·汤普金斯 ... [等] 著@F(mei)zhan mu si·tang pu jin si...[deng]zhu@g伊俊敏 ... [等] 译@Gyi jun min...[deng]yi@zeng |
| 210 | @a北京@c机械工业出版社@d2008.01 | |
| 215 | @a491页@c图@d26cm | |
| 304 | @a题名页题 : 詹姆斯·汤普金斯, 约翰·怀特, 亚乌兹·布泽, 坦乔科著;伊俊敏, 袁海波, 甘卫华, 陈慧, 杨洋, 尹春建, 苏刚译 | |
| 305 | @a据原书第3版译出 | |
| 320 | @a有书目 | |
| 330 | @a本书对整个设施规划过程的每一步骤从各个方面进行了深入的探讨,内容包括需求定义、谋划备选方案、制造/仓储/设施设备等系统的设计和方案的选择与评价等。 | |
| 500 | 10 | @aFacilites planning@mChinese |
| 606 | 0 | @a工业生产设备@Agong ye sheng chan she bei@x规划 |
| 690 | @aTB492@v4 | |
| 701 | 1 | @a汤普金斯@Atang pu jin si@g(Tompkin, James A.)@4著 |
| 701 | 1 | @a怀特@Ahuai te@g(White, John A.)@4著 |
| 701 | 1 | @a布泽@Abu ze@g(Bozer, Yavuz A.)@4著 |
| 702 | 0 | @a伊俊敏@Ayi jun min@4译 |
| 702 | 0 | @a袁海波@Ayuan hai bo@4译 |
| 702 | 0 | @a甘卫华@Agan wei hua@4译 |
| 801 | 0 | @aCN@bQSSK@c20080115 |
| 905 | @b278387-89@dTB492@eT192@f3 | |
| 设施规划= Facilites planning/(美) 詹姆斯·汤普金斯 ... [等] 著/伊俊敏 ... [等] 译.-北京:机械工业出版社,2008.01 |
| 491页:图;26cm |
| ISBN 978-7-111-22259-0:CNY59.80 |
| 本书对整个设施规划过程的每一步骤从各个方面进行了深入的探讨,内容包括需求定义、谋划备选方案、制造/仓储/设施设备等系统的设计和方案的选择与评价等。 |
| ● |
| 相关链接 |
|
|
|
正题名:设施规划
索取号:TB492/T192
 
预约/预借
| 序号 | 登录号 | 条形码 | 馆藏地/架位号 | 状态 | 备注 |
| 1 | 278387 | 202783871 | 自科库501/501自科库 18排1列1层/ [索取号:TB492/T192] | 在馆 | |
| 2 | 278388 | 202783880 | 自科库501/501自科库 18排1列1层/ [索取号:TB492/T192] | 在馆 | |
| 3 | 278389 | 202783899 | 期刊室512/501自科库 17排3列3层/ [索取号:TB492/T192] | 在馆 |